000 00654nam a2200217Ia 4500
008 101110s9999 xx 000 0 und d
041 _aENGLISH
082 _bFR109
100 _aUpadhyay R.M. & Sharma N.L.
245 _aManual of soil, plant, water and fertilizer analysis
260 _c2002
_bKalyani publication, Ludhiana
300 _a135
365 _b60
520 _aDry-land Agriculture
546 _aENGLISH
630 _aManual of soil, plant, water and fertilizer analysis
650 _aDry-land Agriculture
655 _aDry-land Agriculture
730 _aManual of soil, plant, water and fertilizer analysis
942 _cBOOK
999 _c793263
_d793260